=LDR 00000nam 2200000 4500 =001 INLIS000000000033738 =005 20130612135657 =008 ***********************************ind** =035 ##$$0010-061300000033738 =041 ##$$a ind =082 ##$$a 658.11 =090 ##$$a 658.11, Sum p =100 ##$$a Sumarto, Fx =245 ##$$a Perilaku keorganisasian , Buku panduan mahasisiwa, fx. Sumarto =260 ##$$a 1999 $b Yogyakarta =300 ##$$a iii,273 hlm, 23 cm =650 ##$$a Organisasi, Perilaku =850 ##$$a NBPNMAT